| 000 | 00866nam a2200217 a 4500 | ||
|---|---|---|---|
| 008 | 120416s1972 ||||||||||||||||| || u | ||
| 020 | _a0070942315 | ||
| 050 | _aHD 47.5 Rad | ||
| 100 | _aRadke, Magnus | ||
| 245 | 1 | 0 | _aManual of cost reduction techniques |
| 246 | _aSofortprogramm Kostensparen. English | ||
| 260 |
_aLondon _bMcGraw-Hill _c1972 |
||
| 300 | _aviii,259p. : ill | ||
| 350 | _a0.00 | ||
| 500 | _aTranslation of Sofortprogramm Kostensparen. | ||
| 650 | 0 | _aBUSINESS | |
| 650 | _aCOSTS, INDUSTRIAL | ||
| 650 | _aCOST CONTROL | ||
| 995 |
_aMAIN LIBRARY OPEN ACCESS _D0.00 _e716430 _FCBU-MAIN LIBRARY (Kitwe) _H2 _I4.00 _jHD 47.5 Rad _M2 _UAVAILABLE _y003538 _ZMain Library Open Access Collection |
||
| 995 |
_aMAIN LIBRARY OPEN ACCESS _D0.00 _e716429 _FCBU-MAIN LIBRARY (Kitwe) _H1 _I4.00 _jHD 47.5 Rad _M1 _UAVAILABLE _y003537 _ZMain Library Open Access Collection |
||
| 999 |
_c82587 _d82587 |
||